[Event "Victoria-ch op"]
[Site "Box Hill"]
[Date "2004.06.14"]
[Round "6"]
[White "Galiabovitch, Elena"]
[Black "Frangakis, John"]
[Result "1-0"]
[WhiteElo "1121"]
[BlackElo "1348"]
[PlyCount "59"]
[EventDate "2004.06.12"]
[EventType "swiss"]
[EventRounds "7"]
[EventCountry "AUS"]
[SourceTitle "EXT 2018"]
[Source "ChessBase"]
[SourceDate "2017.10.13"]
[SourceVersion "1"]
[SourceVersionDate "2017.10.13"]
[SourceQuality "1"]

1. e4 d5 2. exd5 Qxd5 3. Nc3 Qd8 4. Nf3 Nf6 5. d4 g6 6. Bf4 Bg7 7. Bc4 e6 8. a3 c6 9. Qd2 Nbd7 10. 0-0 Nb6 11. Bd3 Bd7 12. Ne5 Nbd5 13. Nxd5 cxd5 14. Rfe1 Qe7 15. c4 a5 16. c5 0-0 17. Re3 Nh5 18. Bg5 f6 19. Bxg6 fxg5 20. Bxh5 Bh6 21. Rg3 Be8 22. Bg4 Bg7 23. Qe3 Bxe5 24. Qxe5 Bd7 25. Bxe6+ Bxe6 26. Rxg5+ Kf7 27. Rg7+ Ke8 28. Rxe7+ Kxe7 29. Re1 Rf6 30. Qc7+ 1-0